| 000 | 00478nam a22001697a 4500 | ||
|---|---|---|---|
| 003 | OSt | ||
| 005 | 20260407120038.0 | ||
| 008 | 260407b |||||||| |||| 00| 0 eng d | ||
| 020 | _a9788179922316 | ||
| 040 | _cDonated | ||
| 082 |
_253 imperssion _a658/Sha _bSBPIMD298 |
||
| 100 | _aSharma, Robin | ||
| 245 |
_aLeadership Wisdom _bfrom the Monk who sold his Ferrari _hEnglish |
||
| 260 |
_aIndia _bJaico Publishing House _c2017 |
||
| 300 | _a254 | ||
| 942 |
_2ddc _cDBK _k658 _mSha _n0 |
||
| 999 |
_c203475 _d203475 |
||